[Event "FIDE World Cup (Women)"]
[Site "Baku"]
[Date "2023.07.30"]
[Round "1.1"]
[White "Divya, Deshmukh"]
[Black "Azhar, Puteri Munajjah Az"]
[Result "1-0"]
[WhiteElo "2400"]
[BlackElo "2004"]
[PlyCount "81"]
[EventDate "2023.07.30"]
[EventType "k.o."]
[EventRounds "7"]
[EventCountry "AZE"]
[SourceTitle "EXT 2024"]
[Source "ChessBase"]
[SourceDate "2023.10.10"]
[SourceVersion "1"]
[SourceVersionDate "2023.10.10"]
[SourceQuality "1"]

1. e4 c5 2. Nf3 Nc6 3. d4 cxd4 4. Nxd4 g6 5. c4 Bg7 6. Be3 Nf6 7. Nc3 0-0 8. Be2 d6 9. 0-0 Ne8 10. Rc1 Nc7 11. f4 f5 12. Bf3 Bd7 13. Nd5 Ne6 14. Nxe6 Bxe6 15. b4 Kh8 16. b5 Bxd5 17. Qxd5 Na5 18. Bd4 Rc8 19. Rfe1 Qc7 20. Bxg7+ Kxg7 21. Qd4+ e5 22. fxe5 dxe5 23. Qxa7 Qc5+ 24. Qxc5 Rxc5 25. exf5 gxf5 26. Bd5 Kf6 27. g4 f4 28. Rc3 Re8 29. Kf2 b6 30. Kf3 Rec8 31. Rec1 R8c7 32. Ke4 Rg7 33. Rh3 Rxg4 34. Rh6+ Rg6 35. Rxh7 Rg2 36. Rh6+ Kg7 37. Rxb6 Re2+ 38. Kf5 f3 39. Rg1+ Rg2 40. Rxg2+ fxg2 41. Rg6+ 1-0

[Event "Olympiad Women-44"]
[Site "Chennai"]
[Date "2022.08.07"]
[Round "9.2"]
[White "Azhar, Puteri Munajjah Az"]
[Black "Zimina, Olga"]
[Result "0-1"]
[WhiteElo "2018"]
[BlackElo "2340"]
[PlyCount "116"]
[EventDate "2022.07.29"]
[EventType "team-swiss"]
[EventRounds "11"]
[EventCountry "IND"]
[SourceTitle "CBM 210"]
[Source "ChessBase"]
[SourceDate "2022.10.31"]
[SourceVersion "1"]
[SourceVersionDate "2022.10.31"]
[SourceQuality "1"]
[WhiteTeam "Malaysia (W)"]
[BlackTeam "Italy (W)"]
[WhiteTeamCountry "MAS"]
[BlackTeamCountry "ITA"]

1. d4 d5 2. c4 c6 3. e3 Bf5 4. Nf3 e6 5. Be2 h6 6. 0-0 Nf6 7. Nc3 Nbd7 8. Re1 Bd6 9. h3 0-0 10. Qb3 Rb8 11. c5 Bc7 12. Qa4 a6 13. b4 e5 14. dxe5 Nxe5 15. Bb2 Qe7 16. Nd4 Bd3 17. Rad1 Nc4 18. Ba1 Bxe2 19. Rxe2 Ne4 20. Nxe4 Qxe4 21. Qc2 Rbe8 22. Qxe4 Rxe4 23. Nf5 f6 24. a4 Kf7 25. f3 Re6 26. Kf2 Rd8 27. Nd4 Ree8 28. Nf5 h5 29. h4 Be5 30. Nd4 g5 31. hxg5 fxg5 32. g3 Bf6 33. Rh1 Rh8 34. f4 Rde8 35. Nf3 gxf4 36. gxf4 Rh6 37. Bxf6 Kxf6 38. Nh4 Re4 39. Kf3 Ke6 40. Rg1 Ne5+ 41. Kg2 Rxb4 42. e4 Nd3 43. exd5+ Kxd5 44. Rd1 Rd4 45. Kg3 Kxc5 46. Red2 Rhd6 47. Nf3 R4d5 48. f5 Kc4 49. Nh4 Kc3 50. Re2 Rd4 51. Ng6 Rxa4 52. Ne5 h4+ 53. Kh2 c5 54. f6 Rf4 55. f7 b5 56. Rg2 c4 57. Rg8 Rdf6 58. Nxd3 cxd3 0-1

[Event "Olympiad Women-44"]
[Site "Chennai"]
[Date "2022.07.29"]
[Round "1.2"]
[White "Nomcebo, Sibisi"]
[Black "Azhar, Puteri Munajjah Az"]
[Result "0-1"]
[WhiteElo "1225"]
[BlackElo "2018"]
[PlyCount "100"]
[EventDate "2022.07.29"]
[EventType "team-swiss"]
[EventRounds "11"]
[EventCountry "IND"]
[SourceTitle "CBM 210"]
[Source "ChessBase"]
[SourceDate "2022.10.31"]
[SourceVersion "1"]
[SourceVersionDate "2022.10.31"]
[SourceQuality "1"]
[WhiteTeam "Eswatini (W)"]
[BlackTeam "Malaysia (W)"]
[WhiteTeamCountry "SWA"]
[BlackTeamCountry "MAS"]

1. d4 Nf6 2. Nf3 d6 3. g3 g6 4. Bg2 Bg7 5. 0-0 0-0 6. b3 c6 7. Bb2 Qc7 8. c4 Nbd7 9. Nbd2 Re8 10. Rc1 e5 11. d5 a5 12. e4 Nc5 13. Ne1 Qb6 14. Qc2 Bg4 15. Nd3 Bh6 16. Rfe1 Bd7 17. Ba3 Nxd3 18. Qxd3 c5 19. Bb2 Qd8 20. a4 Nh5 21. Bf3 Qg5 22. Rc2 Nf4 23. Qc3 Nh3+ 24. Kf1 f5 25. Ke2 Rf8 26. Rf1 f4 27. Kd1 fxg3 28. hxg3 Bg4 29. Bxg4 Qxg4+ 30. f3 Qxg3 31. Kc1 Qg2 32. Kb1 Bxd2 33. Qd3 Nf4 34. Rxd2 Qh3 35. Qe3 Qxf1+ 36. Ka2 Nh5 37. Rf2 Qg1 38. Qd2 Qg3 39. Qe3 Rf6 40. Bxe5 Qxe5 41. Qd2 b6 42. Qh6 Raf8 43. Qd2 Rxf3 44. Rxf3 Rxf3 45. Qe2 Qc3 46. e5 Qxb3+ 47. Ka1 Qa3+ 48. Kb1 Rb3+ 49. Kc2 Rb2+ 50. Kd1 Qa1# 0-1

[Event "SEA Blitz (Women) Team 31st"]
[Site "Ha Long"]
[Date "2022.05.21"]
[Round "4.2"]
[White "Fisabilillah, Ummi"]
[Black "Azhar, Puteri Munajjah Az"]
[Result "1-0"]
[WhiteElo "2213"]
[BlackElo "2059"]
[PlyCount "63"]
[EventDate "2022.05.21"]
[EventType "team-tourn (blitz)"]
[EventRounds "5"]
[EventCountry "VIE"]
[SourceTitle "CBM 208 Extra"]
[Source "ChessBase"]
[SourceDate "2022.07.31"]
[SourceVersion "1"]
[SourceVersionDate "2022.07.31"]
[SourceQuality "1"]
[WhiteTeam "Indonesia"]
[BlackTeam "Malaysia"]
[WhiteTeamCountry "INA"]
[BlackTeamCountry "MAS"]

1. d4 Nf6 2. c4 g6 3. Nf3 Bg7 4. g3 0-0 5. Bg2 d6 6. Nc3 Nbd7 7. Bf4 Re8 8. 0-0 c6 9. e4 Qc7 10. Be3 e5 11. Re1 exd4 12. Nxd4 Ne5 13. b3 Bd7 14. Rc1 Neg4 15. Bf4 Ne5 16. h3 Rad8 17. Qc2 Bc8 18. Kh2 Qa5 19. Rcd1 Nh5 20. Bg5 Bf6 21. Be3 Qc7 22. Kg1 Nd7 23. Rd2 Nc5 24. Red1 Ne6 25. Nde2 b6 26. f4 Nc5 27. Bf2 Bb7 28. Nd4 Bxd4 29. Rxd4 a5 30. Qd2 Nf6 31. e5 dxe5 32. Rxd8 1-0

[Event "SEA Games (Women) 31st"]
[Site "Ha Long"]
[Date "2022.05.15"]
[Round "9"]
[White "Sukandar, Irine Kharisma"]
[Black "Azhar, Puteri Munajjah Az"]
[Result "1-0"]
[WhiteElo "2392"]
[BlackElo "2059"]
[PlyCount "137"]
[EventDate "2022.05.10"]
[EventType "tourn"]
[EventRounds "9"]
[EventCountry "VIE"]
[SourceTitle "CBM 208 Extra"]
[Source "ChessBase"]
[SourceDate "2022.07.31"]
[SourceVersion "1"]
[SourceVersionDate "2022.07.31"]
[SourceQuality "1"]

1. e4 d5 2. exd5 Qxd5 3. Nc3 Qa5 4. d4 c6 5. Bc4 Bf5 6. Nf3 e6 7. Bd2 Qc7 8. Qe2 Nf6 9. Ne5 Nbd7 10. 0-0-0 b5 11. Nxd7 Nxd7 12. Bb3 b4 13. Na4 Nf6 14. h3 Bd6 15. Rhf1 Ne4 16. Be3 0-0 17. g4 Bg6 18. h4 h6 19. Rg1 Bf4 20. Qf3 Bxe3+ 21. Qxe3 Qh2 22. h5 Bh7 23. f3 Qf2 24. Qf4 Ng5 25. Rgf1 Qg2 26. Qe3 Rad8 27. Nc5 Qg3 28. Rde1 Nh3 29. Rh1 Rfe8 30. Nb7 Rd7 31. Na5 Qc7 32. Nc4 Nf4 33. Ne5 Ng2 34. Qd2 Nxe1 35. Rxe1 Rdd8 36. Qxb4 f6 37. Ng6 Bxg6 38. hxg6 Qf4+ 39. Qd2 Qxd4 40. Qxd4 Rxd4 41. c3 Rd6 42. f4 Kf8 43. Re4 e5 44. f5 Ke7 45. Ra4 Rd7 46. Ra6 Rc7 47. Kd2 Rb8 48. Kc2 h5 49. gxh5 Rh8 50. Be6 Rxh5 51. b4 Rg5 52. c4 Rxg6 53. fxg6 Kxe6 54. b5 Kd6 55. Kc3 f5 56. Kb4 f4 57. c5+ Kd5 58. b6 axb6 59. cxb6 Rb7 60. Kc3 e4 61. a4 f3 62. Kd2 Kd4 63. a5 e3+ 64. Ke1 e2 65. Ra8 Re7 66. Rf8 Ke3 67. a6 Rd7 68. Re8+ Kf4 69. Rxe2 1-0

[Event "SEA Games (Women) 31st"]
[Site "Ha Long"]
[Date "2022.05.14"]
[Round "8"]
[White "Azhar, Puteri Munajjah Az"]
[Black "Frayna, Janelle Mae"]
[Result "0-1"]
[WhiteElo "2059"]
[BlackElo "2221"]
[PlyCount "126"]
[EventDate "2022.05.10"]
[EventType "tourn"]
[EventRounds "9"]
[EventCountry "VIE"]
[SourceTitle "CBM 208 Extra"]
[Source "ChessBase"]
[SourceDate "2022.07.31"]
[SourceVersion "1"]
[SourceVersionDate "2022.07.31"]
[SourceQuality "1"]

1. c4 Nf6 2. Nf3 g6 3. d4 Bg7 4. e3 0-0 5. Bd3 c5 6. 0-0 cxd4 7. exd4 d5 8. h3 dxc4 9. Bxc4 Nd5 10. Nc3 Nb6 11. Bb3 Nc6 12. Be3 Na5 13. Qe2 Nxb3 14. axb3 Be6 15. Ra3 a6 16. Rd1 Bd5 17. Ne5 Rc8 18. Nd3 e6 19. Nc5 Qe7 20. b4 Bc4 21. Qf3 Bd5 22. Qe2 Bc4 23. Qf3 Nd5 24. Nxd5 Bxd5 25. Qe2 b6 26. Nd3 Qb7 27. Nf4 Bc4 28. Qf3 Qxf3 29. gxf3 Rfd8 30. b3 Bb5 31. Raa1 Rc6 32. Rd2 Rcd6 33. Rad1 h6 34. Ng2 R6d7 35. d5 Rxd5 36. Rxd5 Rxd5 37. Rc1 Rd6 38. Rc8+ Kh7 39. f4 Bd4 40. Rc7 Kg7 41. Ne1 Be2 42. Nc2 Bf6 43. Kg2 Bd3 44. Na3 b5 45. Nc2 Rc6 46. Rxc6 Be4+ 47. f3 Bxc6 48. Ne1 Bd5 49. Nd3 Bc3 50. Nc5 Bxb4 51. Nxa6 Bd6 52. b4 Kf6 53. Nc5 Kf5 54. Nd3 h5 55. Kg3 Bc4 56. Ne5 g5 57. Nxc4 bxc4 58. Kf2 gxf4 59. Bd2 Ke5 60. Ke2 Kd5 61. Bc3 Kc6 62. Kd2 Kb5 63. Kc2 e5 0-1

[Event "SEA Games (Women) 31st"]
[Site "Ha Long"]
[Date "2022.05.13"]
[Round "5"]
[White "Azhar, Puteri Munajjah Az"]
[Black "Gong, Qianyun"]
[Result "1/2-1/2"]
[WhiteElo "2059"]
[BlackElo "2348"]
[PlyCount "83"]
[EventDate "2022.05.10"]
[EventType "tourn"]
[EventRounds "9"]
[EventCountry "VIE"]
[SourceTitle "CBM 208 Extra"]
[Source "ChessBase"]
[SourceDate "2022.07.31"]
[SourceVersion "1"]
[SourceVersionDate "2022.07.31"]
[SourceQuality "1"]

1. c4 c6 2. g3 Nf6 3. Bg2 d5 4. Qc2 e5 5. b3 Be6 6. Bb2 Nbd7 7. d3 Bd6 8. Nf3 h6 9. 0-0 0-0 10. c5 Bc7 11. e4 Qe7 12. Rc1 Rfc8 13. Nbd2 d4 14. Ba3 Qe8 15. Nh4 b5 16. Rf1 Qd8 17. h3 a5 18. b4 Nf8 19. Nb3 Qd7 20. Kh2 g5 21. Nf5 Bxf5 22. exf5 axb4 23. Bxb4 Nd5 24. Bxd5 cxd5 25. g4 e4+ 26. Kg2 Qe7 27. Rh1 Qe5 28. Qb2 Qf4 29. Qe2 Re8 30. Nxd4 e3 31. Bc3 Ra3 32. Nxb5 Rxc3 33. Nxc3 d4 34. Nd5 Qe5 35. Nxc7 Qxc7 36. Rhe1 Nd7 37. fxe3 Rxe3 38. Qf2 Qc6+ 39. Kh2 Qc7+ 40. Kg2 Qc6+ 41. Kh2 Qc7+ 42. Kg2 1/2-1/2

[Event "Marienske Lazne op 20th"]
[Site "Marianske Lazne"]
[Date "2022.01.16"]
[Round "2"]
[White "Macek, Kamil"]
[Black "Azhar, Puteri Munajjah Az"]
[Result "0-1"]
[WhiteElo "1855"]
[BlackElo "2052"]
[PlyCount "82"]
[EventDate "2022.01.15"]
[EventType "swiss"]
[EventRounds "9"]
[EventCountry "CZE"]
[SourceTitle "CBM 206 Extra"]
[Source "ChessBase"]
[SourceDate "2022.03.31"]
[SourceVersion "1"]
[SourceVersionDate "2022.03.31"]
[SourceQuality "1"]

1. e4 e5 2. Nf3 Nc6 3. d4 exd4 4. Nxd4 Nf6 5. Nc3 Bb4 6. Nxc6 dxc6 7. Qxd8+ Kxd8 8. Bg5 h6 9. Bxf6+ gxf6 10. Bc4 Rg8 11. 0-0-0+ Ke7 12. Rhg1 Bc5 13. Rdf1 Be6 14. Bxe6 fxe6 15. Na4 Bd6 16. g3 b5 17. Nc3 Bc5 18. Kd1 Bd4 19. Ke2 Rg4 20. h3 Rg5 21. Rd1 Bxc3 22. bxc3 Rc5 23. Rd3 Rd8 24. Rb1 a5 25. Ke3 h5 26. Rxd8 Kxd8 27. Kd3 Ke7 28. f4 Kf7 29. Re1 Rc4 30. g4 h4 31. f5 Ra4 32. e5 exf5 33. e6+ Ke7 34. gxf5 Rf4 35. Re4 Rxf5 36. Rxh4 Kxe6 37. c4 b4 38. Re4+ Kd6 39. Kd4 c5+ 40. Kd3 Rh5 41. Re3 Rh4 0-1

[Event "Asian University (Women)"]
[Site "Tornelo INT"]
[Date "2021.09.04"]
[Round "5"]
[White "Al Moaamari, Mozah"]
[Black "Azhar, Puteri Munajjah Az"]
[Result "0-1"]
[WhiteElo "1366"]
[BlackElo "2052"]
[PlyCount "166"]
[EventDate "2021.09.03"]
[EventType "swiss (rapid)"]
[EventRounds "9"]
[EventCountry "NET"]
[SourceTitle "CBM 204 Extra"]
[Source "ChessBase"]
[SourceDate "2021.11.30"]
[SourceVersion "1"]
[SourceVersionDate "2021.11.30"]
[SourceQuality "1"]

1. d4 Nf6 2. c4 e6 3. Nc3 d5 4. Bg5 Be7 5. e3 0-0 6. Nf3 c6 7. Rc1 dxc4 8. Bxc4 b5 9. Bb3 Nbd7 10. 0-0 Bb7 11. Bxf6 Nxf6 12. Ne5 a6 13. a3 Rc8 14. Ne2 c5 15. dxc5 Bxc5 16. Nf4 Nd5 17. Nxd5 exd5 18. Qh5 g6 19. Qh6 Be7 20. Rcd1 Qd6 21. f4 Qb6 22. Rf3 Qf6 23. Nd7 Qxb2 24. Rh3 Qg7 25. Qxg7+ Kxg7 26. Nxf8 Bxf8 27. Bxd5 Bxd5 28. Rxd5 Bxa3 29. e4 Bc1 30. f5 Rc4 31. fxg6 hxg6 32. e5 Rf4 33. Rc3 Bb2 34. Rcd3 Re4 35. Kf2 Bxe5 36. Ra3 b4 37. Rxa6 b3 38. Rb5 b2 39. Kf3 Rf4+ 40. Ke2 Bf6 41. Ra7 Bc3 42. Rb3 Be5 43. g3 Re4+ 44. Kd1 Rc4 45. Kd2 Rc1 46. Rab7 Rh1 47. R7b5 Rxh2+ 48. Ke3 Bf6 49. Kf4 Rf2+ 50. Ke3 Rg2 51. Kf4 Rg1 52. Rb7 Rf1+ 53. Kg4 Rc1 54. R7b6 Be5 55. R3b5 Rc4+ 56. Kf3 f6 57. Rb7+ Kh6 58. Rd5 Kg5 59. Rbb5 Rc3+ 60. Ke2 Rxg3 61. Kf2 Rh3 62. Kg2 Rh2+ 63. Kf3 Rc2 64. Rb4 Kf5 65. Rf4+ Ke6 66. Rxe5+ Kxe5 67. Rb4 g5 68. Kg3 f5 69. Kf3 g4+ 70. Ke3 f4+ 71. Kd3 Rh2 72. Rb5+ Kf6 73. Rb6+ Kg5 74. Rb5+ Kh4 75. Rb7 Kg3 76. Rb3 f3 77. Ke4 Re2+ 78. Kf5 Rc2 79. Ke4 Kg2 80. Kf4 g3 81. Rxf3 Rc4+ 82. Ke3 Rc3+ 83. Ke2 Rxf3 0-1

[Event "Asian University (Women)"]
[Site "Tornelo INT"]
[Date "2021.09.04"]
[Round "4"]
[White "Azhar, Puteri Munajjah Az"]
[Black "Fisabilillah, Ummi"]
[Result "0-1"]
[WhiteElo "2052"]
[BlackElo "2159"]
[PlyCount "106"]
[EventDate "2021.09.03"]
[EventType "swiss (rapid)"]
[EventRounds "9"]
[EventCountry "NET"]
[SourceTitle "CBM 204 Extra"]
[Source "ChessBase"]
[SourceDate "2021.11.30"]
[SourceVersion "1"]
[SourceVersionDate "2021.11.30"]
[SourceQuality "1"]

1. d4 d5 2. Nf3 c6 3. Bf4 Nf6 4. e3 Bg4 5. Bd3 e6 6. c3 Bd6 7. Bg3 Qc7 8. Nbd2 Nbd7 9. Qb3 Bxg3 10. hxg3 h6 11. Rc1 0-0 12. c4 Rfe8 13. 0-0 Rad8 14. Nh2 Qb8 15. Qa3 Bh5 16. f4 Bg4 17. c5 Bf5 18. b4 a6 19. Qc3 h5 20. Qc2 g6 21. a4 Kg7 22. Nhf3 Ng4 23. Rfe1 Rh8 24. Rb1 Qc7 25. Nh4 Rc8 26. e4 dxe4 27. Bxe4 Ndf6 28. Bxf5 gxf5 29. Nc4 Ne4 30. Rxe4 fxe4 31. Qxe4 Rcd8 32. Nd6 Rxd6 33. cxd6 Qxd6 34. b5 axb5 35. axb5 Rd8 36. bxc6 bxc6 37. Nf3 Ra8 38. Rc1 Ra4 39. f5 Qxg3 40. fxe6 Qf2+ 41. Kh1 Ra2 42. Rg1 Re2 43. Qf4 Rxe6 44. d5 Rf6 45. Qg5+ Rg6 46. Qd8 cxd5 47. Qxd5 Qg3 48. Qd4+ Kh7 49. Rf1 Nf6 50. Qf2 Ne4 51. Qc2 Qg4 52. Re1 Ng5 53. Ne5 Qh4+ 0-1

[Event "Online Olym Div2 B"]
[Site "Chess.com INT"]
[Date "2021.09.04"]
[Round "9.3"]
[White "Azhar, Puteri Munajjah Az"]
[Black "Gitu, Paula Alexandra"]
[Result "0-1"]
[WhiteElo "2052"]
[BlackElo "2113"]
[PlyCount "88"]
[EventDate "2021.09.02"]
[EventType "team (rapid)"]
[EventRounds "9"]
[EventCountry "USA"]
[SourceTitle "CBM 204 Extra"]
[Source "ChessBase"]
[SourceDate "2021.11.30"]
[SourceVersion "1"]
[SourceVersionDate "2021.11.30"]
[SourceQuality "1"]
[WhiteTeam "Malaysia"]
[BlackTeam "Moldova"]
[WhiteTeamCountry "MAS"]
[BlackTeamCountry "MDA"]

1. e4 d6 2. d4 Nf6 3. Nc3 e5 4. Nf3 Nbd7 5. h3 c6 6. a4 Be7 7. dxe5 dxe5 8. Be3 Qc7 9. Bd3 Bb4 10. 0-0 Bxc3 11. bxc3 0-0 12. Nh4 Rd8 13. Qf3 Nf8 14. Bg5 Qe7 15. Nf5 Bxf5 16. Qxf5 Ng6 17. Kh1 h6 18. Be3 Nh4 19. g4 Nxf5 20. gxf5 Nh5 21. Rg1 Kh8 22. Rg4 Nf4 23. Bxf4 exf4 24. Rxf4 Qe5 25. Rg4 Qxc3 26. Rag1 c5 27. Rf4 c4 28. Bf1 Qe5 29. Rfg4 Rd2 30. Bxc4 Rxf2 31. R1g2 Rxg2 32. Kxg2 Qc7 33. Bd3 h5 34. Rh4 g6 35. Kf3 Qe5 36. Bc4 Kg7 37. Rf4 g5 38. f6+ Kg6 39. Rf5 Qc3+ 40. Bd3 Re8 41. Ke2 Re5 42. Rf3 Qd4 43. Rf2 Qxa4 44. Rg2 Kxf6 0-1

[Event "Online Olym Div2 B"]
[Site "Chess.com INT"]
[Date "2021.09.02"]
[Round "3.5"]
[White "Polterauer, Chiara"]
[Black "Azhar, Puteri Munajjah Az"]
[Result "0-1"]
[WhiteElo "2190"]
[BlackElo "2052"]
[PlyCount "84"]
[EventDate "2021.09.02"]
[EventType "team (rapid)"]
[EventRounds "9"]
[EventCountry "USA"]
[SourceTitle "CBM 204 Extra"]
[Source "ChessBase"]
[SourceDate "2021.11.30"]
[SourceVersion "1"]
[SourceVersionDate "2021.11.30"]
[SourceQuality "1"]
[WhiteTeam "Austria"]
[BlackTeam "Malaysia"]
[WhiteTeamCountry "AUT"]
[BlackTeamCountry "MAS"]

1. e4 c5 2. Nf3 e6 3. d4 cxd4 4. Nxd4 a6 5. Nc3 Qc7 6. Be2 b5 7. 0-0 Bb7 8. a3 Nf6 9. Qd3 d6 10. f4 Nbd7 11. Bf3 Be7 12. Kh1 Nc5 13. Qe2 h5 14. e5 dxe5 15. fxe5 Ng4 16. Bf4 g5 17. Bg3 h4 18. Be1 Nxe5 19. Bxb7 Nxb7 20. Ncxb5 axb5 21. Nxb5 Qb8 22. Bc3 f6 23. Rae1 0-0 24. Qh5 Kg7 25. Nd4 Ra6 26. Qe2 Rb6 27. a4 Nd8 28. a5 Rd6 29. Nb5 Rd5 30. Nd4 Bc5 31. Nb3 Ba7 32. Rd1 Rxd1 33. Qxd1 Ndc6 34. Re1 Rd8 35. Qe2 Nd4 36. Qe4 Nxb3 37. cxb3 Qa8 38. Qb4 h3 39. Qe7+ Kg6 40. Re2 Rd1+ 41. Be1 Rxe1+ 42. Rxe1 Qxg2# 0-1

[Event "Online Olym Div3 A"]
[Site "Chess.com INT"]
[Date "2021.08.29"]
[Round "7.5"]
[White "Azhar, Puteri Munajjah Az"]
[Black "Aleksandrova, Aleksandra"]
[Result "1-0"]
[WhiteElo "2046"]
[BlackElo "1731"]
[PlyCount "85"]
[EventDate "2021.08.27"]
[EventType "team-tourn (rapid)"]
[EventRounds "9"]
[EventCountry "USA"]
[SourceTitle "CBM 204 Extra"]
[Source "ChessBase"]
[SourceDate "2021.11.30"]
[SourceVersion "1"]
[SourceVersionDate "2021.11.30"]
[SourceQuality "1"]
[WhiteTeam "Malaysia"]
[BlackTeam "IPCA"]
[WhiteTeamCountry "MAS"]

1. e4 d6 2. d4 c6 3. Nf3 Nd7 4. Nc3 Qc7 5. Be2 e5 6. Be3 Ngf6 7. 0-0 Be7 8. a4 a5 9. dxe5 dxe5 10. Bc4 Nc5 11. Nd2 Ng4 12. Qf3 0-0 13. h3 Nxe3 14. Qxe3 Be6 15. Be2 h6 16. Qg3 Bg5 17. Nc4 Bf4 18. Qh4 g6 19. Ne3 Rae8 20. Ng4 Bxg4 21. Bxg4 Qb6 22. Rab1 Qb4 23. Bf3 Nxa4 24. Nxa4 Qxa4 25. b3 Qb4 26. Rfd1 f5 27. Rd7 fxe4 28. c3 Qxc3 29. Bxe4 Bg5 30. Qg4 Rf4 31. Qe2 Ref8 32. Bxg6 Rxf2 33. Qc4+ Qxc4 34. bxc4 Be3 35. Kh2 b6 36. Rc7 R2f6 37. Be4 c5 38. Rd1 Bd4 39. Rd3 Bf2 40. Rdd7 R6f7 41. Bd5 e4 42. Rxf7 Rxf7 43. Rxf7 1-0

[Event "Online Olym Div3 A"]
[Site "Chess.com INT"]
[Date "2021.08.28"]
[Round "4.2"]
[White "Azhar, Puteri Munajjah Az"]
[Black "Chang, Yolanda"]
[Result "1-0"]
[WhiteElo "2046"]
[BlackElo "1400"]
[PlyCount "75"]
[EventDate "2021.08.27"]
[EventType "team-tourn (rapid)"]
[EventRounds "9"]
[EventCountry "USA"]
[SourceTitle "CBM 204 Extra"]
[Source "ChessBase"]
[SourceDate "2021.11.30"]
[SourceVersion "1"]
[SourceVersionDate "2021.11.30"]
[SourceQuality "1"]
[WhiteTeam "Malaysia"]
[BlackTeam "New Zealand"]
[WhiteTeamCountry "MAS"]
[BlackTeamCountry "NZL"]

1. d4 d5 2. c4 e6 3. Nf3 c6 4. Nc3 Nf6 5. Bg5 Nbd7 6. Qc2 Be7 7. e3 0-0 8. cxd5 exd5 9. Bd3 h6 10. Bh4 Re8 11. 0-0 b6 12. Rfe1 Bb7 13. Bg3 Nh5 14. Be5 Nhf6 15. Bf5 Nxe5 16. dxe5 Nd7 17. e6 fxe6 18. Bxe6+ Kh8 19. Qf5 Nf6 20. Ne5 Bd6 21. Nf7+ Kg8 22. Nxd8+ Kf8 23. Nxb7 Bb4 24. a3 Bxc3 25. bxc3 Re7 26. Nd6 Rd8 27. Nf7 Rde8 28. Nd6 Rxe6 29. Nxe8 Rxe8 30. e4 dxe4 31. Rad1 Kg8 32. f3 e3 33. Rd3 Nd5 34. c4 Nf6 35. Rdxe3 Rd8 36. Re7 a6 37. Qg6 Nh5 38. Re8+ 1-0

[Event "Online Olym Div3 A"]
[Site "Chess.com INT"]
[Date "2021.08.27"]
[Round "2.3"]
[White "Azhar, Puteri Munajjah Az"]
[Black "Lyons, Kieran"]
[Result "1-0"]
[WhiteElo "2046"]
[BlackElo "1767"]
[PlyCount "35"]
[EventDate "2021.08.27"]
[EventType "team-tourn (rapid)"]
[EventRounds "9"]
[EventCountry "USA"]
[SourceTitle "CBM 204 Extra"]
[Source "ChessBase"]
[SourceDate "2021.11.30"]
[SourceVersion "1"]
[SourceVersionDate "2021.11.30"]
[SourceQuality "1"]
[WhiteTeam "Malaysia"]
[BlackTeam "Fiji"]
[WhiteTeamCountry "MAS"]
[BlackTeamCountry "FIJ"]

1. e4 c5 2. Nf3 e6 3. d4 cxd4 4. Nxd4 Nc6 5. Nb3 Nf6 6. Bd3 Bb4+ 7. Bd2 Qc7 8. Nc3 a6 9. 0-0 0-0 10. a3 Bd6 11. f4 Qb6+ 12. Kh1 Bb8 13. e5 Ne8 14. Ne4 f5 15. exf6 Nxf6 16. Nxf6+ Rxf6 17. Qh5 Rh6 18. Qe8# 1-0

[Event "Online Olym Div3 A"]
[Site "Chess.com INT"]
[Date "2021.08.27"]
[Round "3.4"]
[White "Premanath, Dinushki"]
[Black "Azhar, Puteri Munajjah Az"]
[Result "0-1"]
[WhiteElo "1793"]
[BlackElo "2046"]
[PlyCount "58"]
[EventDate "2021.08.27"]
[EventType "team-tourn (rapid)"]
[EventRounds "9"]
[EventCountry "USA"]
[SourceTitle "CBM 204 Extra"]
[Source "ChessBase"]
[SourceDate "2021.11.30"]
[SourceVersion "1"]
[SourceVersionDate "2021.11.30"]
[SourceQuality "1"]
[WhiteTeam "Sri Lanka"]
[BlackTeam "Malaysia"]
[WhiteTeamCountry "SRI"]
[BlackTeamCountry "MAS"]

1. e4 c5 2. Nc3 d6 3. g3 g6 4. Bg2 Bg7 5. d3 Nf6 6. Bg5 Nc6 7. h3 Rb8 8. Qd2 b5 9. Nge2 Nd4 10. Nxd4 cxd4 11. Ne2 Qb6 12. Bh6 0-0 13. Bxg7 Kxg7 14. 0-0 e5 15. f4 Nd7 16. f5 f6 17. fxg6 hxg6 18. g4 Qd8 19. Ng3 Nc5 20. g5 fxg5 21. Rxf8 Kxf8 22. h4 Ne6 23. Rf1+ Nf4 24. h5 Kg7 25. hxg6 Kxg6 26. Qd1 Qh8 27. Rf2 Bh3 28. Bf3 Qh4 29. Bg2 Qxg3 0-1

[Event "Titled Tuesday intern op 11th May"]
[Site "Chess.com INT"]
[Date "2021.05.11"]
[Round "2"]
[White "Begunov, Konstantin"]
[Black "Azhar, Puteri Munajjah Az"]
[Result "1-0"]
[WhiteElo "2325"]
[BlackElo "2046"]
[PlyCount "71"]
[EventDate "2021.05.11"]
[EventType "swiss (blitz)"]
[EventRounds "11"]
[EventCountry "USA"]
[SourceTitle "CBM 202 Extra"]
[Source "ChessBase"]
[SourceDate "2021.07.31"]
[SourceVersion "1"]
[SourceVersionDate "2021.07.31"]
[SourceQuality "1"]

1. d4 d5 2. c4 c6 3. Nc3 Nf6 4. Nf3 e6 5. cxd5 exd5 6. Bg5 Be7 7. Qc2 Bg4 8. e3 0-0 9. Bd3 Nbd7 10. 0-0-0 h6 11. Bh4 b5 12. h3 Be6 13. g4 Qa5 14. Kb1 a6 15. g5 hxg5 16. Nxg5 c5 17. Rhg1 b4 18. Ne2 c4 19. Bh7+ Kh8 20. Nxe6 b3 21. axb3 cxb3 22. Qxb3 fxe6 23. Bc2 Rab8 24. Qa2 Qb4 25. Nf4 Rfc8 26. Nxe6 Ne4 27. Bxe4 dxe4 28. Bxe7 Qxe7 29. Rxg7 Qd6 30. Rdg1 Rxb2+ 31. Qxb2 Qxe6 32. d5 Qe5 33. R7g5 Qxb2+ 34. Kxb2 Rb8+ 35. Ka2 Nc5 36. Rh5# 1-0

[Event "Asia-ch Universities (Women)"]
[Site "Chess.com INT"]
[Date "2020.12.16"]
[Round "6"]
[White "Azhar, Puteri Munajjah Az"]
[Black "Tan, Li Ting"]
[Result "1/2-1/2"]
[WhiteElo "1776"]
[BlackElo "1869"]
[PlyCount "110"]
[EventDate "2020.12.15"]
[EventType "swiss"]
[EventRounds "9"]
[EventCountry "IRI"]
[SourceTitle "EXT 2022"]
[Source "ChessBase"]
[SourceDate "2021.10.06"]
[SourceVersion "1"]
[SourceVersionDate "2021.10.06"]
[SourceQuality "1"]

1. d4 d5 2. Nf3 Nf6 3. c4 e6 4. Nc3 Bb4 5. e3 Nc6 6. Bd2 dxc4 7. Bxc4 0-0 8. 0-0 Bd6 9. a3 e5 10. d5 Ne7 11. e4 a6 12. h3 h6 13. Qc2 c6 14. dxc6 Nxc6 15. Be3 Qe7 16. Rad1 Be6 17. Nd5 Bxd5 18. Bxd5 Rac8 19. Qb3 Na5 20. Qb6 Nxd5 21. Rxd5 Nc4 22. Qb3 Nxe3 23. Qxe3 Rc5 24. Rfd1 Rxd5 25. Rxd5 Rc8 26. Qd2 Rc6 27. g3 Qe6 28. Kg2 Bc7 29. Nh4 Rd6 30. Rxd6 Qxd6 31. Qxd6 Bxd6 32. Nf5 Bc5 33. f4 exf4 34. gxf4 h5 35. Kf3 g6 36. Ng3 Kf8 37. Ne2 Ke7 38. e5 Ke6 39. Ke4 f6 40. exf6 Kxf6 41. Nc3 Ke6 42. Nd5 Bf2 43. b4 Bg1 44. Nc7+ Kd6 45. Nd5 Ke6 46. Nc3 Bf2 47. a4 b6 48. Nd5 a5 49. bxa5 bxa5 50. Nc3 Be1 51. Nb5 Bf2 52. Kf3 Bc5 53. Ke4 Bf2 54. Kf3 Bc5 55. Ke4 Bf2 1/2-1/2